| 000 -CABECERA |
| Longitud fija campo de control |
00788aam a22002297a 4500 |
| 003 - IDENTIFICADOR DEL NÚMERO DE CONTROL |
| Identificador del número de control |
OSt |
| 005 - FECHA Y HORA DE LA ÚLTIMA TRANSACCIÓN |
| Fecha y hora de la última transacción |
20171009140131.0 |
| 008 - CÓDIGOS DE INFORMACIÓN DE LONGITUD FIJA |
| Códigos de información de longitud fija |
171009e201705 spc | 0|0 0dcat|d |
| 017 ## - NÚMERO DE COPYRIGHT O DE DEPÓSITO LEGAL |
| Número de copyright o de depósito legal |
DL L 609-2017 |
| Agencia que asigna el número |
Biblioteca de Catalunya |
| 020 ## - NÚMERO INTERNACIONAL NORMALIZADO PARA LIBROS |
| Número Internacional Normalizado para Libros (ISBN) |
9788499758688 |
| 040 ## - FUENTE DE LA CATALOGACIÓN |
| Centro catalogador de origen |
ES-TaURV |
| Lengua de catalogación |
cat |
| Centro transcriptor |
CDMR |
| 100 1# - PUNTO DE ACCESO PRINCIPAL-NOMBRE DE PERSONA |
| Nombre de persona |
Cabré, Ma. Ángeles, |
| Fechas asociadas al nombre |
1968- |
| 245 10 - MENCIÓN DE TÍTULO |
| Título |
Miralls creuats |
| Resto del título |
: Roig - Capmany / |
| Mención de responsabilidad, etc. |
M. Àngels Cabré |
| 260 ## - PUBLICACIÓN, DISTRIBUCIÓN, ETC. (PIE DE IMPRENTA) |
| Lugar de publicación, distribución, etc. |
Lleida : |
| Nombre del editor, distribuidor, etc. |
Pagès Editors, |
| Fecha de publicación, distribución, etc. |
2017 |
| 300 ## - DESCRIPCIÓN FÍSICA |
| Extensión |
277 pàgines ; |
| Dimensiones |
22 cm |
| 504 ## - NOTA DE BIBLIOGRAFÍA, ETC |
| Nota de bibliografía, etc. |
Bibliografia: pàgines 267-277 |
| 600 17 - PUNTO DE ACCESO ADICIONAL DE MATERIA - NOMBRE DE PERSONA |
| Nombre de persona |
Roig, Montserrat |
| Fechas asociadas al nombre |
1946-1991 |
| Fuente de encabezamiento o te&ecute,rmino |
lemac |
| 9 (RLIN) |
2620 |
| Subdivisión de materia general (R ) |
Biografia |
| 600 17 - PUNTO DE ACCESO ADICIONAL DE MATERIA - NOMBRE DE PERSONA |
| Nombre de persona |
Capmany, Maria Aurèlia |
| Fechas asociadas al nombre |
1918-1991 |
| Fuente de encabezamiento o te&ecute,rmino |
lemac |
| 9 (RLIN) |
3036 |
| Subdivisión de materia general (R ) |
Biografia |
| 650 #7 - PUNTO DE ACCESO ADICIONAL DE MATERIA - TÉRMINO DE MATERIA |
| Término de materia o nombre geográfico como elemento inicial |
Escriptores catalanes |
| Subdivisión cronológica |
S. XX |
| Fuente del encabezamiento o término |
lemac |
| Subdivisión de materia general |
Biografia |
| 650 #4 - PUNTO DE ACCESO ADICIONAL DE MATERIA - TÉRMINO DE MATERIA |
| Término de materia o nombre geográfico como elemento inicial |
Dones periodistes |
| 9 (RLIN) |
2913 |
| 942 ## - ENTRADA DE ELEMENTOS AGREGADOS (KOHA) |
| Koha [por defecto] tipo de item |
Monografies |